| 000 -LEADER |
| fixed length control field |
00901cam a22002657a 4500 |
| 020 ## - INTERNATIONAL STANDARD BOOK NUMBER |
| ISBN |
9781594865671 (pbk.) |
| 020 ## - INTERNATIONAL STANDARD BOOK NUMBER |
| ISBN |
1594865671 (pbk.) |
| 040 ## - CATALOGING SOURCE |
| Transcribing agency |
IFA |
| 082 04 - DEWEY DECIMAL CLASSIFICATION NUMBER |
| Classification number |
363 ROD 2006 C158 Or. |
| 100 1# - MAIN ENTRY--AUTHOR NAME |
| Personal name |
Gore, Albert, |
| 245 13 - TITLE STATEMENT |
| Title |
An inconvenient truth : |
| Remainder of title |
the planetary emergency of global warming and what we can do about it / |
| 260 ## - PUBLICATION, DISTRIBUTION, ETC. (IMPRINT) |
| Place of publication |
Emmaus, Pa. : |
| Name of publisher |
Rodale Press, |
| Year of publication |
c2006. |
| 300 ## - PHYSICAL DESCRIPTION |
| Number of Pages |
325 p. : |
| Other physical details |
ill. (some col.), col. maps ; |
| Dimensions |
23 cm. |
| 500 ## - GENERAL NOTE |
| General note |
"Produced by Melcher Media"--T.p. verso. |
| 650 #0 - SUBJECT ADDED ENTRY--TOPICAL TERM |
| Topical Term |
Global warming. |
| 650 #0 - SUBJECT ADDED ENTRY--TOPICAL TERM |
| Topical Term |
Global warming |
| 650 #0 - SUBJECT ADDED ENTRY--TOPICAL TERM |
| Topical Term |
Greenhouse effect, Atmospheric. |
| 650 #0 - SUBJECT ADDED ENTRY--TOPICAL TERM |
| Topical Term |
Greenhouse effect, Atmospheric |
| 650 #0 - SUBJECT ADDED ENTRY--TOPICAL TERM |
| Topical Term |
Environmental policy |
| 650 #0 - SUBJECT ADDED ENTRY--TOPICAL TERM |
| Topical Term |
Environmental protection |
| 650 #0 - SUBJECT ADDED ENTRY--TOPICAL TERM |
| Topical Term |
Human ecology. |
| 710 2# - ADDED ENTRY--CORPORATE NAME |
| Corporate name or jurisdiction name as entry element |
Melcher Media. |
| 856 42 - ELECTRONIC LOCATION AND ACCESS |
| Uniform Resource Identifier |
http://www.loc.gov/catdir/enhancements/fy0662/2006926537-d.html |
| 942 ## - ADDED ENTRY ELEMENTS (KOHA) |
| Koha item type |
ADB |
| 952 ## - LOCATION AND ITEM INFORMATION (KOHA) |
| Withdrawn status [LOCAL, KOHA] |
0 |